Joueurs NBA par leur surnom #3 - Statistiques

Statistiques générales
  • Ce quiz a été pris 60 fois
  • Le résultat moyen est 12 sur 20
Statistiques - réponses
Hint Réponse % Correct
The Alien Victor Wembanyama
89%
Gobzilla Rudy Gobert
81%
Iso Joe Joe Johnson
79%
The Logo Jerry West
77%
AK47 Andrei Kirilenko
75%
Starbury Stephon Marbury
75%
The Point God Chris Paul
74%
The Claw Kawhi Leonard
74%
The Unibrow Anthony Davis
72%
White Chocolate Jason Williams
70%
The Process Joel Embiid
62%
The Brodie Russell Westbrook
57%
The Zen Master Phil Jackson
47%
Hondo John Havlicek
43%
Mozart Drazen Petrovic
38%
The Matrix Shawn Marion
38%
Houdini Bob Cousy
36%
Mr. Big Shot Chauncey Billups
34%
The Jet Kenny Smith
28%
Microwave Vinnie Johnson
23%
Aucun quiz correspondant
Distribution des résultats
% des personnes avec chaque résultat
Percentile par nombre de réponses
Votre historique - résultats
Vous n’avez pas pris ce quiz